Políticas sociales, familia y trabajo en la América Latina de fin de siglo /
Con el objetivo de conocer mejor la situación actual de las familias, en la primera parte de este texto, sobre la base de la información cuantitativa, se caracteriza la complejidad y diversidad de la familia urbana distinguiendo tipos de familia y etapas del ciclo familiar en varios países de Améric...
Uloženo v:
| Hlavní autor: | |
|---|---|
| Korporativní autor: | |
| Médium: | Text |
| Edice: | SERIE POLITICAS SOCIALES/CEPAL
|
| Témata: | |
| Tagy: |
Přidat tag
Žádné tagy, Buďte první, kdo vytvoří štítek k tomuto záznamu!
|
MARC
| LEADER | 00000 a a2200000 04500 | ||
|---|---|---|---|
| 001 | 48331 | ||
| 003 | |||
| 040 | |||
| 090 | |a REV1291 (21) 1997 | ||
| 100 | |a Arriagada, Irma | ||
| 110 | |a NACIONES UNIDAS CEPAL | ||
| 245 | |a Políticas sociales, familia y trabajo en la América Latina de fin de siglo / |c Irma Arriagada | ||
| 440 | |a SERIE POLITICAS SOCIALES/CEPAL | ||
| 520 | |a Con el objetivo de conocer mejor la situación actual de las familias, en la primera parte de este texto, sobre la base de la información cuantitativa, se caracteriza la complejidad y diversidad de la familia urbana distinguiendo tipos de familia y etapas del ciclo familiar en varios países de América Latina y su relación con la vulnerabilidad económica y con la participación laboral de sus miembros. La elaboración de esta información para América Latina cumple propósitos comparativos y de seguimiento de tendencias, pero sobre todo de diagnóstico cuantitativo para el adecuado diseño de políticas. En la segunda parte se analiza información estadística sobre ciertos temas referidos a los cambios materiales por los que han atravesado las familias y a las nuevas representaciones sobre esos cambios. Así por una parte se destacan ciertas carencias de las familias, con el análisis de la jefatura femenina del hogar y su relación con la pobreza, junto con la violencia intrafamiliar; y por otra, las contribuciones económicas de mujeres e hijos al hogar, y el aporte del trabajo doméstico, realizado por mujeres, al mantenimiento de la sociedad. | ||
| 650 | |a POLITICA SOCIAL | ||
| 650 | |a TRABAJO | ||
| 650 | |a POLITICAS GUBERNAMENTALES | ||
| 650 | |a POBREZA | ||
| 650 | |a EMPLEO | ||
| 650 | |a POLITICA FAMILIAR | ||
| 650 | |a VIOLENCIA | ||
| 650 | |a INDICADORES SOCIALES | ||
| 650 | |a FAMILIA | ||
| 773 | |g número21, (1997) | ||
| 999 | |c 19937 |d 19937 | ||
